| 000 | 00794nam a22001697a 4500 | ||
|---|---|---|---|
| 003 | OSt | ||
| 005 | 20251125091549.0 | ||
| 008 | 251125b |||||||| |||| 00| 0 eng d | ||
| 040 |
_aDWC-Main lib _cOC |
||
| 082 | _aFil. 378.794 P552 | ||
| 100 | _aPHILIPPINES. COMMISSION ON HIGHER EDUCATION. | ||
| 245 |
_aCHED memoranda and orders : _ba compilation (May 1999-February 2002), volume III / prepared and distributed by Philippine Association of Colleges and Universities _cPHILIPPINES. COMMISSION ON HIGHER EDUCATION. |
||
| 260 |
_aManila : _bPACU, _c2002. |
||
| 300 |
_a834 pages : _c 27 cm. |
||
| 650 | _2Education--Law and legislation--Philippines. I. Philippine Association of Colleges and Universities. | ||
| 942 |
_2ddc _cBK - FIL _hFil. 378.794 P552 _kFil. _n0 |
||
| 999 |
_c6168 _d6168 |
||